All About Rome on a Shelf (SVG) - Statistics

General Stats
  • This quiz has been taken 403 times
  • The average score is 5 of 20
Answers on the Map
Answers color-coded by a green-red scale on the quiz's map according to % correct below.
 
Answer Stats
Answer % Correct
Colosseum
94%
Julius Caesar
88%
Trevi Fountain
68%
Eternal City
42%
City of Seven Hills
37%
Carbonara
25%
Castel Sant'Angelo
25%
Giorgia Meloni
23%
Francesco Totti
22%
Appian Way Regional Park
19%
Pecorino Romano
19%
Porchetta
10%
Sergio Leone
10%
Baths of Caracalla
9%
Aurelian Walls
7%
Caput Mundi
6%
Gardens of Vatican City
5%
Basilica di Santa Maria Maggiore
4%
Germanicus
1%
Pope Clement
1%
No matching quizzes found
Score Distribution
Percent of People with Each Score
Percentile by Number Answered
Your Score History
You have not taken this quiz